Selections from the Persian Ghazals of Ghalib (Record no. 186712)
[ view plain ]
| 000 -LEADER | |
|---|---|
| fixed length control field | 00571 a2200157 4500 |
| 003 - CONTROL NUMBER IDENTIFIER | |
| control field | Nust |
| 005 - DATE AND TIME OF LATEST TRANSACTION | |
| control field | 20170207153448.0 |
| 040 ## - CATALOGING SOURCE | |
| Transcribing agency | Nust |
| 082 ## - DEWEY DECIMAL CLASSIFICATION NUMBER | |
| Classification number | 808.81 |
| 100 ## - MAIN ENTRY--PERSONAL NAME | |
| Personal name | Russell,Ralph |
| 245 ## - TITLE STATEMENT | |
| Title | Selections from the Persian Ghazals of Ghalib |
| Statement of responsibility, etc. | Ralph Russell and Iftikhar Ahmed Adani |
| 260 ## - PUBLICATION, DISTRIBUTION, ETC. | |
| Place of publication, distribution, etc. | pakistan |
| Name of publisher, distributor, etc. | Anjuman Taraqqi e Urdu |
| Date of publication, distribution, etc. | 1997 |
| 505 ## - FORMATTED CONTENTS NOTE | |
| Formatted contents note | A Word about this book (Page-5) Introduction (Page-7) Persia Ghazals with Translations (Page-8) Explanatory Index (Page-142) Pas Navisht (Post Script) (Page-165). |
| 538 ## - SYSTEM DETAILS NOTE | |
| System details note | Almirah No.57 Shelf No.3 |
| 650 ## - SUBJECT ADDED ENTRY--TOPICAL TERM | |
| Topical term or geographic name entry element | Ghalib |
| 942 ## - ADDED ENTRY ELEMENTS (KOHA) | |
| Source of classification or shelving scheme | |
| Koha item type | Book |
| Withdrawn status | Lost status | Source of classification or shelving scheme | Damaged status | Not for loan | Collection code | Permanent Location | Current Location | Date acquired | Total Checkouts | Full call number | Barcode | Date last seen | Price effective from | Koha item type |
|---|---|---|---|---|---|---|---|---|---|---|---|---|---|---|
| Military College of Signals (MCS) | Military College of Signals (MCS) | 12/12/2016 | 808.81 SEL | MCS27756 | 12/08/2016 | 12/12/2016 | Book |
